| 000 | 00607nam a2200193 4500 | ||
|---|---|---|---|
| 001 | 131255 | ||
| 003 | ES-MaACL | ||
| 005 | 20230906193940.0 | ||
| 007 | t| | ||
| 008 | 070214s1976 sp r ||||1| spa d | ||
| 100 | 1 |
_aRobinson, Joan. _997894 |
|
| 245 | 1 | 0 |
_aIntroducción a la Economía moderna / _cJoan Robinson, John Eatwell ; [traducción de: Marcial Suárez]. |
| 250 | _a1ª ed. | ||
| 260 |
_aMadrid [etc.] : _bFondo de Cultura Económica, _c1976. |
||
| 300 |
_a444 p. ; _c23 cm. |
||
| 700 | 1 |
_aEatwell, John. _946456 |
|
| 700 | 0 |
_aSuárez, Marcial. _9108573 |
|
| 852 |
_aES-MaACL _jA-6283 _bR.95364 |
||
| 999 |
_c131255 _d131255 |
||